000 01093nam a22001817a 4500
999 _c63483
_d63483
003 Ge_BSU
005 20251017160642.0
008 251017s1975 ge ||||| |||| 00| 0 geo d
041 _ageo
080 _a329.150.1(479.22) : 631.115.71 წ-89
100 _aწურწუმია, ირ.
_926050
245 _aსაქართველოს კომუნისტური პარტიის მოღვაწეობა რესპუბლიკაში ჩაის საბჭოთა მეურნეობების შექმნისა და განვითარებისათვის :
_b(1921-1970).
_cირ. წურწუმია.
264 _aსოხუმი :
_bალაშარა,
_c1975.
300 _a127 გვ. ;
_b22 სმ.
653 _aსაქართველოს კომუნისტური პარტიის ისტორია
653 _aჩაის საბჭოთა მეურნეობების ისტორია საქართველოში
942 _2udc
_cᲬᲘᲒᲜᲘ